Top 10 Songs by Twisted Sister - Statistics

General Stats
  • This quiz has been taken 3 times
  • The average score is 5 of 10
Answer Stats
Hint Answer % Correct
5 Burn in Hell
100%
3 The Price
100%
2 We're Not Gonna Take It
100%
1 I Wanna Rock
67%
8 Be Chrool to Your Scuel
33%
7 Leader of the Pack
33%
10 Stay Hungry
33%
4 You Can't Stop Rock 'n' Roll
33%
9 Shoot 'Em Down
0%
6 The Kids Are Back
0%
No matching quizzes found
Score Distribution
Percent of People with Each Score
Percentile by Number Answered
Your Score History
You have not taken this quiz